[Event "Wch U16"]
[Site "Porto Carras"]
[Date "2018.10.20"]
[Round "1"]
[White "Vlachos, Anatole"]
[Black "Lou, Vincent"]
[Result "1-0"]
[WhiteElo "2435"]
[BlackElo "2155"]
[PlyCount "95"]
[EventDate "2018.10.20"]
[EventType "swiss"]
[EventRounds "11"]
[EventCountry "GRE"]
[SourceTitle "CBM 187 Extra"]
[Source "ChessBase"]
[SourceDate "2018.11.04"]
[SourceVersion "1"]
[SourceVersionDate "2018.11.04"]
[SourceQuality "1"]

1. d4 Nf6 2. Bg5 g6 3. Bxf6 exf6 4. e3 b6 5. h4 h5 6. Be2 Bb7 7. Bf3 c6 8. Ne2 Bg7 9. c4 d6 10. Nbc3 Nd7 11. b4 Qc7 12. b5 c5 13. Nd5 Qb8 14. Nef4 f5 15. 0-0 Nf6 16. a4 Nxd5 17. Nxd5 0-0 18. dxc5 dxc5 19. Ra3 Re8 20. g3 Qe5 21. a5 Rad8 22. axb6 axb6 23. Ra7 Bc8 24. Qc2 Rd6 25. Rd1 Bf8 26. Qa2 Red8 27. Ra8 R6d7 28. Qa4 Qe6 29. Rb8 Bb7 30. Rxd8 Rxd8 31. Qa7 Ba8 32. Rd2 Bxd5 33. Bxd5 Rd7 34. Qa8 Qf6 35. Ra2 Qd8 36. Qxd8 Rxd8 37. Ra7 Rb8 38. Rxf7 Kh8 39. e4 fxe4 40. Bxe4 Rd8 41. Bxg6 Bg7 42. Bxh5 Rd4 43. Be2 Rd2 44. Kf1 Rc2 45. h5 Bd4 46. h6 Rc1+ 47. Kg2 Rc2 48. Rf8+ 1-0

[Event "SUI-ch HT1 118th"]
[Site "Lenzerheide"]
[Date "2018.07.16"]
[Round "5"]
[White "Lou, Vincent"]
[Black "Arquint, Andri"]
[Result "1/2-1/2"]
[WhiteElo "2153"]
[BlackElo "1945"]
[PlyCount "90"]
[EventDate "2018.07.12"]
[EventType "swiss"]
[EventRounds "9"]
[EventCountry "SUI"]
[SourceTitle "EXT 2019"]
[Source "ChessBase"]
[SourceDate "2018.10.10"]
[SourceVersion "1"]
[SourceVersionDate "2018.10.10"]
[SourceQuality "1"]

1. d4 Nf6 2. c4 e6 3. Nc3 Bb4 4. Qc2 0-0 5. Nf3 d6 6. Bg5 Nbd7 7. a3 Bxc3+ 8. Qxc3 h6 9. Bxf6 Qxf6 10. g3 e5 11. Bg2 a5 12. b3 Re8 13. d5 Nc5 14. 0-0 a4 15. b4 Nb3 16. Rad1 Bg4 17. Rfe1 b6 18. h3 Bf5 19. Nd2 Qg6 20. Nxb3 axb3 21. e4 Bd7 22. Ra1 Qh5 23. h4 g5 24. hxg5 hxg5 25. Qxb3 Kg7 26. Qd3 Rh8 27. Kf1 Rh6 28. Ra2 Rf6 29. Re3 Bg4 30. Ke1 Qh6 31. Qf1 Rh8 32. Rb2 Qh5 33. Kd2 Bf3 34. Bxf3 Rxf3 35. Rbb3 Rf6 36. Re2 Qh2 37. Rc3 Rh3 38. Qe1 Qg2 39. f3 Qxg3 40. Qxg3 Rxg3 41. Ree3 Rg2+ 42. Re2 Rg3 43. Ree3 Rg2+ 44. Re2 Rg1 45. Re1 Rg3 1/2-1/2

[Event "SUI-ch HT1 118th"]
[Site "Lenzerheide"]
[Date "2018.07.13"]
[Round "2"]
[White "Lou, Vincent"]
[Black "Stojanovic, Mihajlo"]
[Result "0-1"]
[WhiteElo "2153"]
[BlackElo "2488"]
[PlyCount "94"]
[EventDate "2018.07.12"]
[EventType "swiss"]
[EventRounds "9"]
[EventCountry "SUI"]
[SourceTitle "EXT 2019"]
[Source "ChessBase"]
[SourceDate "2018.10.10"]
[SourceVersion "1"]
[SourceVersionDate "2018.10.10"]
[SourceQuality "1"]

1. d4 d5 2. c4 c6 3. Nc3 Nf6 4. Nf3 e6 5. Bg5 Nbd7 6. e3 Qa5 7. Nd2 dxc4 8. Bxf6 Nxf6 9. Nxc4 Qc7 10. Be2 Be7 11. 0-0 0-0 12. Rc1 Rd8 13. Qb3 Bd7 14. Rfd1 Be8 15. Bf3 Rac8 16. e4 b5 17. Ne3 Qb6 18. d5 cxd5 19. exd5 Bc5 20. Ne4 Nxe4 21. Bxe4 e5 22. Rc2 g6 23. g4 Bd4 24. Rdc1 Rxc2 25. Rxc2 Qf6 26. Ng2 Qg5 27. Qg3 Bd7 28. Bf3 Bc8 29. h4 Qe7 30. Be4 Bb7 31. Qb3 Qd7 32. Qf3 Bxd5 33. Bxd5 Qxd5 34. Qxd5 Rxd5 35. Kf1 Rc5 36. Rxc5 Bxc5 37. Ke2 f5 38. gxf5 gxf5 39. f3 Kf7 40. b3 Kg6 41. a4 bxa4 42. bxa4 Kh5 43. Kd3 Bf2 44. Kc4 Bxh4 45. Kd5 Bf2 46. Kxe5 Kg5 47. a5 h5 0-1

[Event "Zuerich op-A 41st"]
[Site "Zuerich"]
[Date "2017.12.27"]
[Round "3"]
[White "De Seroux, Camille"]
[Black "Lou, Vincent"]
[Result "1-0"]
[WhiteElo "2185"]
[BlackElo "2088"]
[PlyCount "89"]
[EventDate "2017.12.26"]
[EventType "swiss"]
[EventRounds "7"]
[EventCountry "SUI"]
[SourceTitle "EXT 2019"]
[Source "ChessBase"]
[SourceDate "2018.10.10"]
[SourceVersion "1"]
[SourceVersionDate "2018.10.10"]
[SourceQuality "1"]

1. e4 c5 2. Nc3 a6 3. Nf3 d6 4. d4 cxd4 5. Nxd4 Nf6 6. Bc4 e6 7. a4 Be7 8. 0-0 0-0 9. Be3 Qc7 10. Qe2 Nc6 11. Rad1 Bd7 12. f4 Rac8 13. Ba2 Nxd4 14. Rxd4 Bc6 15. Kh1 Rfe8 16. Rf3 d5 17. e5 Nd7 18. Rh3 f6 19. Nxd5 Bxd5 20. Rxd5 Nf8 21. Rd2 Red8 22. c3 fxe5 23. f5 Rxd2 24. Bxd2 Rd8 25. Rd3 e4 26. Qxe4 Rxd3 27. Qxd3 Qe5 28. fxe6 Kh8 29. Be3 Bd6 30. Bg1 Be7 31. Qf3 Qe1 32. Qf2 Qd1 33. a5 h6 34. b4 Qc1 35. Qf7 Qg5 36. h3 h5 37. Qf3 h4 38. Qxb7 Ng6 39. Bb1 Nf8 40. Qxa6 Qe5 41. Qb7 Bg5 42. Qf7 Qd6 43. Bd4 Nxe6 44. Ba2 Bf6 45. Bxe6 1-0

[Event "EU-ch U14 27th"]
[Site "Mamaia"]
[Date "2017.09.14"]
[Round "9"]
[White "Lomandong, Marc Antoine"]
[Black "Lou, Vincent"]
[Result "0-1"]
[WhiteElo "2121"]
[BlackElo "2060"]
[PlyCount "27"]
[EventDate "2017.09.05"]
[EventType "swiss"]
[EventRounds "9"]
[EventCountry "ROU"]
[SourceTitle "EXT 2018"]
[Source "ChessBase"]
[SourceDate "2017.10.13"]
[SourceVersion "1"]
[SourceVersionDate "2017.10.13"]
[SourceQuality "1"]

1. d4 Nf6 2. Nf3 b6 3. b3 Bb7 4. Bb2 e6 5. Nbd2 Be7 6. e3 0-0 7. Bd3 c5 8. 0-0 d6 9. Qe2 Nbd7 10. a4 Qc7 11. Nc4 Nd5 12. e4 Nf4 13. Qe3 Nxd3 14. cxd3 0-1

[Event "EU-ch U14 27th"]
[Site "Mamaia"]
[Date "2017.09.05"]
[Round "1"]
[White "Saraci, Korab"]
[Black "Lou, Vincent"]
[Result "0-1"]
[WhiteElo "1432"]
[BlackElo "2060"]
[PlyCount "95"]
[EventDate "2017.09.05"]
[EventType "swiss"]
[EventRounds "9"]
[EventCountry "ROU"]
[SourceTitle "CBM 180 Extra"]
[Source "ChessBase"]
[SourceDate "2017.10.06"]
[SourceVersion "1"]
[SourceVersionDate "2017.10.06"]
[SourceQuality "1"]

1. c4 e5 2. Nc3 Nc6 3. g3 Nf6 4. Bg2 g6 5. Nf3 Bg7 6. 0-0 0-0 7. d4 exd4 8. Nxd4 Re8 9. Nxc6 bxc6 10. e4 Ba6 11. Qa4 Qc8 12. Re1 Rb8 13. Bh3 h5 14. f3 Re5 15. a3 Rc5 16. b4 Rxc4 17. Bf1 Bb5 18. Nxb5 cxb5 19. Qxa7 Ra8 20. Qf2 Nxe4 21. fxe4 Bxa1 22. Bxc4 bxc4 23. Bb2 Bxb2 24. Qxb2 Qa6 25. Re3 Qb6 26. Qc3 Re8 27. Kf1 Qe6 28. e5 Qh3+ 29. Kg1 Qg4 30. Kf2 h4 31. Kg2 h3+ 32. Kf2 Re6 33. Rf3 Qe4 34. Qe3 Qc2+ 35. Qe2 Qc1 36. Qe1 Qb2+ 37. Qe2 Qd4+ 38. Qe3 Qd5 39. g4 Rxe5 40. Qc3 Qe4 41. Kg3 d5 42. a4 Qe2 43. Kh4 g5+ 44. Kh5 Qe4 45. Rf6 Kg7 46. Rf5 d4 47. Qxh3 Rxf5 48. gxf5 0-1